Preprava tovarov podliehajúcich spotrebným daniam po vstupe Slovenskej republiky do EÚ
Princíp voľného pohybu tovarov v EÚ. Kedy sa stávajú tovary podliehajúce spotrebným daniam predmetom dane. Po vstupe do EÚ nepôjde o dovoz a vývoz, ale o nadobudnutie tovaru. Colné územie spoločenstva. Daňové územie spoločenstva. Tovary podliehajúce spotrebným daniam. Daňové sklady.
Salvato in:
| Autore principale: | |
|---|---|
| Natura: | Capitolo di libro |
| Lingua: | slovacco |
| Soggetti: | |
| Tags: |
Nessun Tag, puoi essere il primo ad aggiungerne!!
|
MARC
| LEADER | 00000naa$a2200000$$$4500 | ||
|---|---|---|---|
| 001 | 0005852 | ||
| 005 | 20230919094138.8 | ||
| 041 | 0 | |a slo | |
| 044 | |a SK | ||
| 245 | 1 | 0 | |a Preprava tovarov podliehajúcich spotrebným daniam po vstupe Slovenskej republiky do EÚ |c aut. Peter Šubík |
| 520 | |a Princíp voľného pohybu tovarov v EÚ. Kedy sa stávajú tovary podliehajúce spotrebným daniam predmetom dane. Po vstupe do EÚ nepôjde o dovoz a vývoz, ale o nadobudnutie tovaru. Colné územie spoločenstva. Daňové územie spoločenstva. Tovary podliehajúce spotrebným daniam. Daňové sklady. | ||
| 610 | 2 | 0 | |a preprava |
| 610 | 2 | 0 | |a tovar |
| 610 | 2 | 0 | |a pohyb tovaru |
| 610 | 2 | 0 | |a dane spotrebné |
| 610 | 2 | 0 | |a Európska únia |
| 100 | 1 | |a Šubík, Peter | |